Представление документа в формате MARC21

ПолеНазваниеЗначение
  Тип записи a
  Библиографический уровень m
001 Контрольный номер RU\infra-m\znanium\bibl\2131530
005 Дата корректировки 20240827142107.9
008 Кодируемые данные 231211s2023 RU g rus u
020 Индекс ISBN __
a ISBN 978-5-16-014149-7
020 Индекс ISBN __
a ISBN 978-5-16-107175-5 (электр. издание)
040 Источник каталогиз. __
a Служба первич. каталог. Общество с ограниченной ответственностью «ЗНАНИУМ»
041 Код языка издания __
a Код языка текста rus
044 Код страны публикации __
a Код страны публикации RU
080 Индекс УДК __
a Индекс УДК 811.111(075.32)
084 Индекс другой классификации/Индекс ББК __
2 Источник индекса rubbk
a Индекс другой классификации/Индекс ББК 81.2Англ.я723
084 Индекс другой классификации/Индекс ББК __
2 Источник индекса okso
a Индекс другой классификации/Индекс ББК 38.02.01
084 Индекс другой классификации/Индекс ББК __
2 Источник индекса okso
a Индекс другой классификации/Индекс ББК 38.02.03
084 Индекс другой классификации/Индекс ББК __
2 Источник индекса okso
a Индекс другой классификации/Индекс ББК 38.02.06
084 Индекс другой классификации/Индекс ББК __
2 Источник индекса okso
a Индекс другой классификации/Индекс ББК 38.02.07
084 Индекс другой классификации/Индекс ББК __
2 Источник индекса okso
a Индекс другой классификации/Индекс ББК 38.02.08
100 Автор __
a Автор Маньковская З. В.
q Полное имя Маньковская Зоя Викторовна
u Дополнение Московский государственный технический университет им. Н.Э. Баумана, Мытищинский ф-л
245 Заглавие __
a Заглавие Английский язык в ситуациях повседневного делового общения
b Продолж. заглавия Учебное пособие
c Ответственность Московский государственный технический университет им. Н.Э. Баумана, Мытищинский ф-л
250 Сведения об издании __
a Основные сведения об издании 1
260 Выходные данные __
a Место издания Москва
b Издательство ООО "Научно-издательский центр ИНФРА-М"
c Дата издания 2024
300 Физическое описание __
a Объем 223 с.
440 Серия __
a Серия Среднее профессиональное образование
520 Аннотация __
a Аннотация Целью учебного пособия является помощь в овладении навыками ведения подготовленной и неподготовленной беседы в ситуациях официального и неофициального делового общения и знакомство со стилистической дифференциацией словаря делового английского языка. Пособие содержит упражнения для отработки нового словаря тексты для обсуждения ролевые игры и тесты для проверки полученных знаний. Для студентов учреждений среднего профессионального образования УГС 38.02.00 «Экономика и управление».
521 Примеч. о цел. назн. __
a Примеч. о целев. назн. Среднее профессиональное образование
650 Тематические рубрики __
a Основная рубрика Филологические науки
x Основная подрубрика Английский язык
655 Указ. предметных рубрик (устаревшее) __
a Жанр/ форма (устаревшее) Учебное пособие
856 Электронный адрес документа 4_
a Имя сервера/домена znanium.com
m Помощь ebs_support@infra-m.ru
n Местонахождение сервера НИЦ ИНФРА-М
u URL https://znanium.com/catalog/document?id=439111
856 Электронный адрес документа 48
a Имя сервера/домена znanium.com
d Путь /cover/2131
f Электронное имя 2131530.jpg
q Тип электронного формата image/jpeg
u URL https://znanium.com/cover/2131/2131530.jpg
911 __
u 0030=https://znanium.com/catalog/document?id=439111